| 000 | 01323cam a2200277 i 4500 | ||
|---|---|---|---|
| 003 | OCoLC | ||
| 005 | 20201030152019.0 | ||
| 008 | 160328t20142014ck abd grb 000 0 spa d | ||
| 020 | _a9789588303987 | ||
| 040 |
_aZZAND _cCO-JMCR |
||
| 041 | _aspa | ||
| 082 | 0 | 4 |
_a327.1 / _bP293a _221 |
| 100 | 1 |
_aEduardo Pastrana Buelvas _eeditor _912308 |
|
| 245 | 1 | 0 |
_aAlianza del Pacífico : _bmitos y realidades / _cEduardo Pastrana Buelvas, Hubert Gehring, editores |
| 250 | _aPrimera edición. | ||
| 264 | 1 |
_aCali : _bUniversidad Santiago de Cali, _bFundación Konrad Adenauer, KAS, Colombia, _c2014. |
|
| 300 |
_a618 páginas : _bilustraciones, mapas a color, gráficos ; _c24 cm. |
||
| 504 | _aIncluye referencias bibliográficas. | ||
| 505 | 0 | _aEnfoque teóricos -- Estructura institucional de alianza del pacífico -- La alianza del pacífico y su contexto regional -- La alianza del pacífico frente al globo -- Desafíos para la seguridad en la alianza del pacífico | |
| 650 | 1 | 4 |
_aCooperación internacional _912309 |
| 650 | 2 | 4 |
_aPolítica exterior _zPacífico (Región, América Latina) _912310 |
| 650 | 2 | 4 |
_aRegionalismo _zPacífico (Región, América Latina) _912311 |
| 650 | 2 | 4 |
_aIntegración regional _zPacífico (Región, América Latina) _912312 |
| 700 | 1 |
_aGehring, Hubert, _eeditor _94154 |
|
| 942 |
_2ddc _cBK |
||
| 999 |
_c7007 _d7007 |
||